| 000 | 00809cab a2200265 4500 | ||
|---|---|---|---|
| 001 | ABS45480 | ||
| 008 | 090401t1991 xxu||||| |||| 00| 0 eng d | ||
| 035 | _a(Sirsi) u53276 | ||
| 041 | _aeng | ||
| 100 | _aCooper, P. | ||
| 245 | _aSpanish acquisition | ||
| 260 | _c1991 | ||
| 350 | _a0 | ||
| 490 |
_aBuilding _v256(7720) 8 November 1991, 17-51(13) |
||
| 520 | _aConsiders opportunities in Spain for the British contractors in the run up to the Barcelona Olympic Games and Expo`92 due to open April 1992. Features Britains`s entry to Expo`92. Gives contract team details. | ||
| 650 | _aBARCELONA | ||
| 650 | _aEXPO92 | ||
| 650 | _aOLYMPIC GAMES | ||
| 650 | _aSPAIN | ||
| 690 | _aBUILT ENVIRONMENT | ||
| 690 | _aOVERSEAS-EUROPE | ||
| 700 | _aChevin, D. | ||
| 942 | _n0 | ||
| 948 | _c04/03/1997 | ||
| 999 |
_c32856 _d32856 |
||